000 00521nam a2200217Ia 4500
003 OSt
005 20220918191946.0
006 a|||||r|||| 00| 0
007 ta
008 220917b |||||||| |||| 00| 0 eng d
024 _a66,176
037 _cTextual
040 _aARTS
_cARTS
_beng
041 _2eng
_aeng
082 _aR3xC57:4, J2
100 _aPlato
_918980
245 0 _aPhaedrus , tr by R Hackforth
260 _c1952
942 _hR3xC57:4, J2
_cTEXL
_2CC
999 _c192410
_d192410